[Event "Regionalliga SO 1516"]
[Site "Bayern"]
[Date "2016.01.31"]
[Round "6.3"]
[White "Jergler, Karl Heinz"]
[Black "Woitylak, Steffen"]
[Result "0-1"]
[WhiteElo "2103"]
[BlackElo "1930"]
[PlyCount "112"]
[EventDate "2015.10.11"]
[EventType "team-tourn"]
[EventRounds "9"]
[EventCountry "GER"]
[SourceTitle "EXT 2018"]
[Source "ChessBase"]
[SourceDate "2017.10.13"]
[SourceVersion "1"]
[SourceVersionDate "2017.10.13"]
[SourceQuality "1"]
[WhiteTeam "Waldkraiburg"]
[BlackTeam "Geiselhoering"]
[WhiteTeamCountry "GER"]
[BlackTeamCountry "GER"]

1. e4 c5 2. c3 d5 3. exd5 Qxd5 4. d4 Nc6 5. Nf3 Bg4 6. Be2 cxd4 7. cxd4 e6 8. a3 Nf6 9. Nc3 Qa5 10. 0-0 Be7 11. h3 Bh5 12. Be3 Nd5 13. Ne4 0-0 14. b4 Qb6 15. Rc1 a6 16. Nc5 Rfd8 17. Qa4 Rac8 18. Rfd1 Bxf3 19. Bxf3 Nxe3 20. fxe3 Bg5 21. Qb3 Rc7 22. Rc3 Rdc8 23. Rcd3 h6 24. Be4 Ne7 25. g3 Qd6 26. Kg2 Nf5 27. Bxf5 exf5 28. h4 Bf6 29. R1d2 b6 30. Na4 Rc1 31. Nc3 Qc6+ 32. d5 Qe8 33. Nd1 Qe4+ 34. Kh2 Be5 35. Rg2 Qxh4+ 36. Kg1 Bxg3 37. d6 Rd8 38. Qb2 Rc6 39. e4 f4 40. e5 Qg4 41. Qd4 h5 42. a4 b5 43. axb5 axb5 44. Qd5 Rc1 45. Qd4 h4 46. Kh1 Rc4 47. Qb6 Qd7 48. Ra2 Re4 49. Kg2 Rc8 50. Kf3 Rxe5 51. Qd4 Qc6+ 52. Kg4 f6 53. Nf2 Qg2 54. Ne4 Qxa2 55. Nd2 Qe6+ 56. Kf3 Re3+ 0-1

[Event "Bayern-ch"]
[Site "Rosenheim"]
[Date "2014.08.26"]
[Round "6"]
[White "Woitylak, Steffen"]
[Black "Basener, Winfried"]
[Result "1/2-1/2"]
[WhiteElo "1921"]
[BlackElo "2146"]
[PlyCount "75"]
[EventDate "2014.08.23"]
[EventType "swiss"]
[EventRounds "9"]
[EventCountry "GER"]
[SourceTitle "EXT 2015"]
[Source "ChessBase"]
[SourceDate "2014.11.20"]
[SourceVersion "1"]
[SourceVersionDate "2014.11.20"]
[SourceQuality "1"]

1. Nf3 Nf6 2. b3 g6 3. Bb2 Bg7 4. e3 0-0 5. Be2 d6 6. d4 b6 7. 0-0 c5 8. c4 Na6 9. Nc3 Nc7 10. Qd2 Bb7 11. Rfd1 Ne4 12. Nxe4 Bxe4 13. Ng5 Bb7 14. Bf3 Bxf3 15. Nxf3 Qc8 16. h3 Qf5 17. Qd3 Qh5 18. Qe4 Ne6 19. Rab1 Ng5 20. Nxg5 Qxg5 21. h4 Qf5 22. Qxe7 Bf6 23. Qxd6 Bxh4 24. Qf4 Qxf4 25. exf4 cxd4 26. Bxd4 Be7 27. Be3 Rfd8 28. Kf1 Kf8 29. Ke2 Ke8 30. a4 Bb4 31. g4 h6 32. Rh1 Bf8 33. Rbd1 Ke7 34. Kf3 Ke6 35. Bd4 f6 36. Rhe1+ Kf7 37. Bc3 Rac8 38. Bd4 1/2-1/2

[Event "Bayern-ch"]
[Site "Rosenheim"]
[Date "2014.08.24"]
[Round "2"]
[White "Woitylak, Steffen"]
[Black "Schelle, Artur"]
[Result "1/2-1/2"]
[WhiteElo "1921"]
[BlackElo "2247"]
[PlyCount "97"]
[EventDate "2014.08.23"]
[EventType "swiss"]
[EventRounds "9"]
[EventCountry "GER"]
[SourceTitle "EXT 2015"]
[Source "ChessBase"]
[SourceDate "2014.11.20"]
[SourceVersion "1"]
[SourceVersionDate "2014.11.20"]
[SourceQuality "1"]

1. Nf3 g6 2. e4 Bg7 3. d4 d6 4. Bc4 e6 5. 0-0 a6 6. a4 b6 7. Bg5 Ne7 8. Qd2 h6 9. Be3 Bb7 10. Bd3 Nd7 11. h3 e5 12. dxe5 dxe5 13. Nh2 Nf6 14. Nc3 Nc6 15. f4 exf4 16. Rxf4 Ne5 17. Raf1 Qe7 18. Be2 Rd8 19. Qc1 Nfd7 20. R4f2 Nc5 21. Ng4 Nxg4 22. Bxg4 0-0 23. Bxh6 Nxe4 24. Nxe4 Bxe4 25. Bg5 f6 26. Bh6 f5 27. Bxg7 Kxg7 28. Bf3 Qc5 29. Kh1 Rd4 30. c3 Rdd8 31. Bxe4 fxe4 32. Rxf8 Rxf8 33. Rxf8 Qxf8 34. Qe3 Qf1+ 35. Kh2 Qd3 36. Qg5 Qd6+ 37. Kh1 Qd1+ 38. Kh2 Qd6+ 39. Kh1 Kf7 40. Qg4 Qd3 41. Qf4+ Ke6 42. Qxc7 e3 43. Qxb6+ Ke5 44. Qc5+ Kf4 45. Qc7+ Kg5 46. Qe5+ Kh6 47. Qh8+ Kg5 48. Qe5+ Kh6 49. Qh8+ 1/2-1/2

[Event "Niederbayernliga 1314"]
[Site "Bayern"]
[Date "2014.??.??"]
[Round "9"]
[White "Stadler, Helmut1111"]
[Black "Woitylak, Steffen"]
[Result "0-1"]
[WhiteElo "1773"]
[BlackElo "1921"]
[PlyCount "44"]
[EventDate "2013.10.13"]
[EventType "team-tourn"]
[EventRounds "9"]
[EventCountry "GER"]
[SourceTitle "EXT 2023"]
[Source "ChessBase"]
[SourceDate "2022.10.05"]
[SourceVersion "1"]
[SourceVersionDate "2022.10.05"]
[SourceQuality "1"]
[WhiteTeam "Grafenau"]
[BlackTeam "Geiselhoering"]
[WhiteTeamCountry "GER"]
[BlackTeamCountry "GER"]

1. e4 c6 2. d4 d5 3. Nc3 dxe4 4. Nxe4 Bf5 5. Ng3 Bg6 6. Nf3 e6 7. Be2 Nd7 8. 0-0 h5 9. Bd3 h4 10. Bxg6 hxg3 11. Bxf7+ Kxf7 12. fxg3 Ngf6 13. Ng5+ Kg8 14. Nxe6 Qb6 15. c4 Re8 16. c5 Qb4 17. Ng5 Nxc5 18. dxc5 Bxc5+ 19. Kh1 Ng4 20. Nh3 Rxh3 21. gxh3 Nf2+ 22. Rxf2 Re1+ 0-1

[Event "Niederbayernliga 1213"]
[Site "Bayern"]
[Date "2012.10.14"]
[Round "1.3"]
[White "Schoenbuchner, Gerhard"]
[Black "Woitylak, Steffen"]
[Result "1/2-1/2"]
[WhiteElo "1764"]
[BlackElo "1907"]
[PlyCount "58"]
[EventDate "2012.10.14"]
[EventType "team-tourn"]
[EventRounds "9"]
[EventCountry "GER"]
[SourceTitle "EXT 2023"]
[Source "ChessBase"]
[SourceDate "2022.10.05"]
[SourceVersion "1"]
[SourceVersionDate "2022.10.05"]
[SourceQuality "1"]
[WhiteTeam "Aidenbach"]
[BlackTeam "Geiselhoering"]
[WhiteTeamCountry "GER"]
[BlackTeamCountry "GER"]

1. e4 c5 2. Nc3 Nc6 3. d3 e6 4. f4 d5 5. g3 d4 6. Nce2 Nf6 7. Nf3 Be7 8. Bg2 0-0 9. 0-0 Qb6 10. Rb1 Rd8 11. h3 c4 12. Kh1 c3 13. Nh4 Ba3 14. b3 Qa5 15. f5 Bxc1 16. Rxc1 exf5 17. Nxf5 Qe5 18. Qe1 a5 19. a4 Ra6 20. Qf2 Bxf5 21. exf5 h6 22. Rce1 Qd6 23. Nf4 Ra7 24. Re2 Ne7 25. g4 b6 26. Rfe1 Rad7 27. Kg1 Nc6 28. Bxc6 Qxc6 29. Qg2 Qd6 1/2-1/2

[Event "Niederbayern-ch"]
[Site "Mamming"]
[Date "2011.03.12"]
[Round "6"]
[White "Popp, Michael"]
[Black "Woitylak, Steffen"]
[Result "1-0"]
[WhiteElo "1967"]
[BlackElo "1928"]
[PlyCount "141"]
[EventDate "2011.03.10"]
[EventType "swiss"]
[EventRounds "7"]
[EventCountry "GER"]
[SourceTitle "EXT 2023"]
[Source "ChessBase"]
[SourceDate "2022.10.05"]
[SourceVersion "1"]
[SourceVersionDate "2022.10.05"]
[SourceQuality "1"]

1. c4 c5 2. Nc3 Nf6 3. g3 d5 4. cxd5 Nxd5 5. Bg2 Nxc3 6. bxc3 Qc7 7. Nf3 Nc6 8. d4 cxd4 9. cxd4 e6 10. 0-0 Bd6 11. Bb2 0-0 12. Qc2 Qe7 13. Rab1 Rb8 14. Nd2 Bd7 15. Nc4 Rfc8 16. Nxd6 Qxd6 17. Qd3 b5 18. Rfd1 Be8 19. Bc1 f6 20. Bf4 e5 21. Bxc6 Qxc6 22. Rbc1 Qe6 23. dxe5 g5 24. Be3 Qxe5 25. Bxa7 Rxc1 26. Rxc1 Ra8 27. Bd4 Qe6 28. a3 Ra4 29. Bc5 Rc4 30. Rxc4 bxc4 31. Qe3 Kf7 32. Kf1 Bc6 33. Qxe6+ Kxe6 34. Ke1 Kd5 35. Be7 Ke6 36. Bd8 g4 37. Kd2 h6 38. Kc3 Bb5 39. Bc7 Kd5 40. Bf4 h5 41. Kb4 Kc6 42. a4 Ba6 43. e4 Kd7 44. Kc5 Bb7 45. Kxc4 Bxe4 46. Kc5 Bf3 47. a5 Bg2 48. Be3 Bf3 49. Bd4 f5 50. Be3 Bg2 51. Kd4 Ke6 52. Bc1 Bh1 53. Ke3 Kf7 54. Kf4 Kg6 55. Ke5 Bg2 56. a6 Be4 57. Ke6 Bd3 58. a7 Be4 59. Bf4 Ba8 60. Kd6 Kf7 61. Kc7 Ke6 62. Kb8 Bc6 63. a8Q Bxa8 64. Kxa8 Kd5 65. Kb7 Ke4 66. Kc6 h4 67. Kd6 h3 68. Ke6 Kf3 69. Kxf5 Kg2 70. Kxg4 Kxh2 71. Kf3 1-0